<?xml version="1.0" encoding="UTF-8"?>
<collection xmlns="http://www.loc.gov/MARC21/slim">
 <record>
  <leader>04845cam a2200877   4500</leader>
  <controlfield tag="001">188223118</controlfield>
  <controlfield tag="003">DE-627</controlfield>
  <controlfield tag="005">20250116005809.0</controlfield>
  <controlfield tag="007">tu</controlfield>
  <controlfield tag="008">950915s1995    gw |||||      00| ||ger c</controlfield>
  <datafield tag="015" ind1=" " ind2=" ">
   <subfield code="a">95,B38,0715</subfield>
   <subfield code="2">dnb</subfield>
  </datafield>
  <datafield tag="016" ind1="7" ind2=" ">
   <subfield code="a">945231008</subfield>
   <subfield code="2">DE-101</subfield>
  </datafield>
  <datafield tag="020" ind1=" " ind2=" ">
   <subfield code="a">3924530084</subfield>
   <subfield code="c"> : DM 20.00 (kart.)</subfield>
   <subfield code="9">3-924530-08-4</subfield>
  </datafield>
  <datafield tag="035" ind1=" " ind2=" ">
   <subfield code="a">(DE-627)188223118</subfield>
  </datafield>
  <datafield tag="035" ind1=" " ind2=" ">
   <subfield code="a">(DE-576)046881050</subfield>
  </datafield>
  <datafield tag="035" ind1=" " ind2=" ">
   <subfield code="a">(DE-599)DNB945231008</subfield>
  </datafield>
  <datafield tag="035" ind1=" " ind2=" ">
   <subfield code="a">(OCoLC)613294888</subfield>
  </datafield>
  <datafield tag="035" ind1=" " ind2=" ">
   <subfield code="a">(OCoLC)34731916</subfield>
  </datafield>
  <datafield tag="035" ind1=" " ind2=" ">
   <subfield code="a">(OCoLC)613294888</subfield>
  </datafield>
  <datafield tag="035" ind1=" " ind2=" ">
   <subfield code="a">(DE-604)8103782559</subfield>
  </datafield>
  <datafield tag="040" ind1=" " ind2=" ">
   <subfield code="a">DE-627</subfield>
   <subfield code="b">ger</subfield>
   <subfield code="c">DE-627</subfield>
   <subfield code="e">rakwb</subfield>
  </datafield>
  <datafield tag="041" ind1=" " ind2=" ">
   <subfield code="a">ger</subfield>
  </datafield>
  <datafield tag="044" ind1=" " ind2=" ">
   <subfield code="c">XA-DE</subfield>
   <subfield code="c">XA-DE-BY</subfield>
  </datafield>
  <datafield tag="050" ind1=" " ind2="0">
   <subfield code="a">Z42.4.G3</subfield>
  </datafield>
  <datafield tag="082" ind1="0" ind2=" ">
   <subfield code="a">741.640943</subfield>
  </datafield>
  <datafield tag="084" ind1=" " ind2=" ">
   <subfield code="a">46</subfield>
   <subfield code="2">sdnb</subfield>
  </datafield>
  <datafield tag="084" ind1=" " ind2=" ">
   <subfield code="a">24,1</subfield>
   <subfield code="2">ssgn</subfield>
  </datafield>
  <datafield tag="084" ind1=" " ind2=" ">
   <subfield code="a">9,10</subfield>
   <subfield code="2">ssgn</subfield>
  </datafield>
  <datafield tag="084" ind1=" " ind2=" ">
   <subfield code="a">GE 6917</subfield>
   <subfield code="2">rvk</subfield>
   <subfield code="0">(DE-625)rvk/39235:</subfield>
  </datafield>
  <datafield tag="084" ind1=" " ind2=" ">
   <subfield code="a">AN 34100</subfield>
   <subfield code="2">rvk</subfield>
   <subfield code="0">(DE-625)rvk/5981:</subfield>
  </datafield>
  <datafield tag="084" ind1=" " ind2=" ">
   <subfield code="a">LH 71600</subfield>
   <subfield code="2">rvk</subfield>
   <subfield code="0">(DE-625)rvk/94892:</subfield>
  </datafield>
  <datafield tag="084" ind1=" " ind2=" ">
   <subfield code="a">NZ 95169</subfield>
   <subfield code="2">rvk</subfield>
   <subfield code="0">(DE-625)rvk/134890:</subfield>
  </datafield>
  <datafield tag="084" ind1=" " ind2=" ">
   <subfield code="a">AM 96000</subfield>
   <subfield code="2">rvk</subfield>
   <subfield code="0">(DE-625)rvk/5757:</subfield>
  </datafield>
  <datafield tag="084" ind1=" " ind2=" ">
   <subfield code="a">06.19</subfield>
   <subfield code="2">bkl</subfield>
  </datafield>
  <datafield tag="084" ind1=" " ind2=" ">
   <subfield code="a">17.87</subfield>
   <subfield code="2">bkl</subfield>
  </datafield>
  <datafield tag="084" ind1=" " ind2=" ">
   <subfield code="a">06.22</subfield>
   <subfield code="2">bkl</subfield>
  </datafield>
  <datafield tag="245" ind1="1" ind2="0">
   <subfield code="a">Edler Schatz holden Erinnerns</subfield>
   <subfield code="b">Bilder in Stammbüchern der Staatsbibliothek Bamberg aus vier Jahrhunderten</subfield>
   <subfield code="c">[Staatsbibliothek Bamberg. Text von Werner Taegert. Lichtbilder von Alfons Steber]</subfield>
  </datafield>
  <datafield tag="264" ind1=" " ind2="1">
   <subfield code="a">Bamberg</subfield>
   <subfield code="b">Staatsbibliothek</subfield>
   <subfield code="c">1995</subfield>
  </datafield>
  <datafield tag="300" ind1=" " ind2=" ">
   <subfield code="a">155 S.</subfield>
   <subfield code="b">überw. Ill.</subfield>
   <subfield code="c">21 cm</subfield>
  </datafield>
  <datafield tag="336" ind1=" " ind2=" ">
   <subfield code="a">unbewegtes Bild</subfield>
   <subfield code="b">sti</subfield>
   <subfield code="2">rdacontent</subfield>
  </datafield>
  <datafield tag="337" ind1=" " ind2=" ">
   <subfield code="a">ohne Hilfsmittel zu benutzen</subfield>
   <subfield code="b">n</subfield>
   <subfield code="2">rdamedia</subfield>
  </datafield>
  <datafield tag="338" ind1=" " ind2=" ">
   <subfield code="a">Band</subfield>
   <subfield code="b">nc</subfield>
   <subfield code="2">rdacarrier</subfield>
  </datafield>
  <datafield tag="505" ind1="8" ind2="0">
   <subfield code="a">Literaturverz. S. 149 - 152</subfield>
  </datafield>
  <datafield tag="583" ind1="1" ind2=" ">
   <subfield code="a">Archivierung/Langzeitarchivierung gewährleistet</subfield>
   <subfield code="f">SSG</subfield>
   <subfield code="x">XA-DE-BW</subfield>
   <subfield code="2">pdager</subfield>
   <subfield code="5">DE-16</subfield>
  </datafield>
  <datafield tag="583" ind1="1" ind2=" ">
   <subfield code="a">Archivierung prüfen</subfield>
   <subfield code="c">20240324</subfield>
   <subfield code="f">DE-4165</subfield>
   <subfield code="z">3</subfield>
   <subfield code="2">pdager</subfield>
  </datafield>
  <datafield tag="610" ind1="2" ind2="7">
   <subfield code="0">(DE-588)2022477-1</subfield>
   <subfield code="0">(DE-627)102099782</subfield>
   <subfield code="0">(DE-576)191753955</subfield>
   <subfield code="a">Staatsbibliothek Bamberg</subfield>
   <subfield code="2">gnd</subfield>
  </datafield>
  <datafield tag="648" ind1=" " ind2="4">
   <subfield code="a">Geschichte 1260-1340</subfield>
  </datafield>
  <datafield tag="650" ind1="0" ind2="7">
   <subfield code="0">(DE-588)4120472-4</subfield>
   <subfield code="0">(DE-627)105776262</subfield>
   <subfield code="0">(DE-576)209535407</subfield>
   <subfield code="a">Illuminierte Handschrift</subfield>
   <subfield code="2">gnd</subfield>
  </datafield>
  <datafield tag="651" ind1=" " ind2="7">
   <subfield code="0">(DE-588)4007616-7</subfield>
   <subfield code="0">(DE-627)106372564</subfield>
   <subfield code="0">(DE-576)208871322</subfield>
   <subfield code="a">Bologna</subfield>
   <subfield code="2">gnd</subfield>
  </datafield>
  <datafield tag="653" ind1=" " ind2="0">
   <subfield code="a">a</subfield>
   <subfield code="a">Autograph albums</subfield>
   <subfield code="a">Germany</subfield>
  </datafield>
  <datafield tag="653" ind1=" " ind2="0">
   <subfield code="a">a</subfield>
   <subfield code="a">Illustration of books</subfield>
   <subfield code="a">Germany</subfield>
  </datafield>
  <datafield tag="653" ind1=" " ind2="0">
   <subfield code="a">a</subfield>
   <subfield code="a">Staatsbibliothek Bamberg</subfield>
  </datafield>
  <datafield tag="655" ind1=" " ind2="4">
   <subfield code="a">Ausstellung 1996</subfield>
  </datafield>
  <datafield tag="655" ind1=" " ind2="7">
   <subfield code="a">Bildband</subfield>
   <subfield code="0">(DE-588)4145395-5</subfield>
   <subfield code="0">(DE-627)104450835</subfield>
   <subfield code="0">(DE-576)209741139</subfield>
   <subfield code="2">gnd-content</subfield>
  </datafield>
  <datafield tag="689" ind1="0" ind2="0">
   <subfield code="d">s</subfield>
   <subfield code="0">(DE-588)4056896-9</subfield>
   <subfield code="0">(DE-627)10615334X</subfield>
   <subfield code="0">(DE-576)209119357</subfield>
   <subfield code="a">Stammbuch</subfield>
   <subfield code="2">gnd</subfield>
  </datafield>
  <datafield tag="689" ind1="0" ind2="1">
   <subfield code="d">s</subfield>
   <subfield code="0">(DE-588)4123412-1</subfield>
   <subfield code="0">(DE-627)104516488</subfield>
   <subfield code="0">(DE-576)209559519</subfield>
   <subfield code="a">Illustration</subfield>
   <subfield code="2">gnd</subfield>
  </datafield>
  <datafield tag="689" ind1="0" ind2=" ">
   <subfield code="5">DE-101</subfield>
  </datafield>
  <datafield tag="700" ind1="1" ind2=" ">
   <subfield code="a">Taegert, Werner</subfield>
   <subfield code="d">1950-</subfield>
   <subfield code="0">(DE-588)110468708</subfield>
   <subfield code="0">(DE-627)510496660</subfield>
   <subfield code="0">(DE-576)163262764</subfield>
   <subfield code="4">oth</subfield>
  </datafield>
  <datafield tag="700" ind1="1" ind2=" ">
   <subfield code="8">1\p</subfield>
   <subfield code="a">Steber, Alfons</subfield>
   <subfield code="d">1933-2019</subfield>
   <subfield code="0">(DE-588)111196876</subfield>
   <subfield code="0">(DE-627)691108358</subfield>
   <subfield code="0">(DE-576)289695309</subfield>
   <subfield code="4">oth</subfield>
  </datafield>
  <datafield tag="710" ind1="2" ind2=" ">
   <subfield code="a">Staatsbibliothek Bamberg</subfield>
   <subfield code="0">(DE-588)2022477-1</subfield>
   <subfield code="0">(DE-627)102099782</subfield>
   <subfield code="0">(DE-576)191753955</subfield>
   <subfield code="4">oth</subfield>
  </datafield>
  <datafield tag="787" ind1="0" ind2="8">
   <subfield code="i">Rezension</subfield>
   <subfield code="a">Engelhart, Helmut, 1948 - </subfield>
   <subfield code="t">[Rezension von: Edler Schatz holden Erinnerns]</subfield>
   <subfield code="d">1998</subfield>
   <subfield code="w">(DE-627)1540337146</subfield>
   <subfield code="w">(DE-576)470337141</subfield>
  </datafield>
  <datafield tag="883" ind1=" " ind2=" ">
   <subfield code="8">1</subfield>
   <subfield code="a">cgwrk</subfield>
   <subfield code="d">20241001</subfield>
   <subfield code="q">DE-101</subfield>
   <subfield code="u">https://d-nb.info/provenance/plan#cgwrk</subfield>
  </datafield>
  <datafield tag="935" ind1=" " ind2=" ">
   <subfield code="i">Blocktest</subfield>
  </datafield>
  <datafield tag="936" ind1="r" ind2="v">
   <subfield code="a">GE 6917</subfield>
   <subfield code="b">Sonstiges</subfield>
   <subfield code="k">Germanistik. Niederlandistik. Skandinavistik</subfield>
   <subfield code="k">Deutsche Literatur</subfield>
   <subfield code="k">Literaturgeschichte</subfield>
   <subfield code="k">Textsammlungen</subfield>
   <subfield code="k">Sammlungen nach Gattungen</subfield>
   <subfield code="k">Nichtfiktive Prosa</subfield>
   <subfield code="k">Sonstiges</subfield>
   <subfield code="0">(DE-627)1270860208</subfield>
   <subfield code="0">(DE-625)rvk/39235:</subfield>
   <subfield code="0">(DE-576)200860208</subfield>
  </datafield>
  <datafield tag="936" ind1="r" ind2="v">
   <subfield code="a">AN 34100</subfield>
   <subfield code="b">Kataloge illustrierter Bücher</subfield>
   <subfield code="k">Allgemeines</subfield>
   <subfield code="k">Buch- und Bibliothekswesen, Informationswissenschaft</subfield>
   <subfield code="k">Buchwesen</subfield>
   <subfield code="k">Buchgestaltung, Buchillustration</subfield>
   <subfield code="k">Kataloge illustrierter Bücher</subfield>
   <subfield code="0">(DE-627)1270677608</subfield>
   <subfield code="0">(DE-625)rvk/5981:</subfield>
   <subfield code="0">(DE-576)200677608</subfield>
  </datafield>
  <datafield tag="936" ind1="r" ind2="v">
   <subfield code="a">LH 71600</subfield>
   <subfield code="b">Allgemeine Darstellungen, Geschichte der Illustration</subfield>
   <subfield code="k">Kunstgeschichte</subfield>
   <subfield code="k">Allgemeines. Allgemeine Kunstgeschichte</subfield>
   <subfield code="k">Kunstgeschichte einzelner Gattungen der Kunst</subfield>
   <subfield code="k">Zeichnung und Grafik</subfield>
   <subfield code="k">Buch-Illustrationen (zyklisch)</subfield>
   <subfield code="k">Allgemeine Darstellungen, Geschichte der Illustration</subfield>
   <subfield code="0">(DE-627)1271108399</subfield>
   <subfield code="0">(DE-625)rvk/94892:</subfield>
   <subfield code="0">(DE-576)201108399</subfield>
  </datafield>
  <datafield tag="936" ind1="r" ind2="v">
   <subfield code="a">NZ 95169</subfield>
   <subfield code="b">Kultur (Theater, Musik, Kunst)</subfield>
   <subfield code="k">Geschichte</subfield>
   <subfield code="k">Regionale Landeskunde</subfield>
   <subfield code="k">Fränkische Landeskunde</subfield>
   <subfield code="k">Einzelne Orte</subfield>
   <subfield code="k">Bamberg</subfield>
   <subfield code="k">Kultur (Theater, Musik, Kunst)</subfield>
   <subfield code="0">(DE-627)1271498367</subfield>
   <subfield code="0">(DE-625)rvk/134890:</subfield>
   <subfield code="0">(DE-576)201498367</subfield>
  </datafield>
  <datafield tag="936" ind1="r" ind2="v">
   <subfield code="a">AM 96000</subfield>
   <subfield code="b">Stammbücher, allgemein</subfield>
   <subfield code="k">Allgemeines</subfield>
   <subfield code="k">Schrift und Handschriftenkunde. Schriftarten und Schreiben</subfield>
   <subfield code="k">Handschriftenkunde</subfield>
   <subfield code="k">Handschriftenkataloge</subfield>
   <subfield code="k">Moderne Handschriften</subfield>
   <subfield code="k">Stammbücher, allgemein</subfield>
   <subfield code="0">(DE-627)1270667378</subfield>
   <subfield code="0">(DE-625)rvk/5757:</subfield>
   <subfield code="0">(DE-576)200667378</subfield>
  </datafield>
  <datafield tag="936" ind1="b" ind2="k">
   <subfield code="a">06.19</subfield>
   <subfield code="j">Handschriftenkunde: Sonstiges</subfield>
   <subfield code="0">(DE-627)106403389</subfield>
  </datafield>
  <datafield tag="936" ind1="b" ind2="k">
   <subfield code="a">17.87</subfield>
   <subfield code="j">Besondere Literaturkategorien</subfield>
   <subfield code="0">(DE-627)106416049</subfield>
  </datafield>
  <datafield tag="936" ind1="b" ind2="k">
   <subfield code="a">06.22</subfield>
   <subfield code="j">Buchgestaltung</subfield>
   <subfield code="0">(DE-627)106403591</subfield>
  </datafield>
  <datafield tag="951" ind1=" " ind2=" ">
   <subfield code="a">BO</subfield>
  </datafield>
  <datafield tag="990" ind1=" " ind2=" ">
   <subfield code="a">Stammbuch</subfield>
  </datafield>
  <datafield tag="990" ind1=" " ind2=" ">
   <subfield code="a">Illustration</subfield>
  </datafield>
  <datafield tag="991" ind1=" " ind2=" ">
   <subfield code="a">Rezensiertes Werk</subfield>
  </datafield>
  <datafield tag="999" ind1=" " ind2=" ">
   <subfield code="a">KXP-PPN188223118</subfield>
   <subfield code="e">4008391991</subfield>
  </datafield>
 </record>
</collection>
